<?xml version="1.0" encoding="UTF-8"?>
<record
    xmlns:xsi="http://www.w3.org/2001/XMLSchema-instance"
    xsi:schemaLocation="http://www.loc.gov/MARC21/slim http://www.loc.gov/standards/marcxml/schema/MARC21slim.xsd"
    xmlns="http://www.loc.gov/MARC21/slim">

  <leader>01918nam a2200241 a 4500</leader>
  <controlfield tag="003">DO-SdBNP</controlfield>
  <controlfield tag="005">20211006115023.0</controlfield>
  <controlfield tag="007">ta</controlfield>
  <controlfield tag="008">211005e2015    dr ad||fr|||| 00| edspa d</controlfield>
  <datafield tag="020" ind1=" " ind2=" ">
    <subfield code="a">9789945888911</subfield>
  </datafield>
  <datafield tag="040" ind1=" " ind2=" ">
    <subfield code="a">DO-SdBNP</subfield>
    <subfield code="b">spa</subfield>
    <subfield code="c">BNPHU</subfield>
  </datafield>
  <datafield tag="082" ind1=" " ind2=" ">
    <subfield code="b">R457e</subfield>
  </datafield>
  <datafield tag="100" ind1="1" ind2=" ">
    <subfield code="a">Reyes Henr&#xED;quez, Luis T.</subfield>
    <subfield code="9">80121</subfield>
  </datafield>
  <datafield tag="245" ind1="0" ind2="0">
    <subfield code="a">Evaluaci&#xF3;n econ&#xF3;mica del sistema dominicano de seguridad social, 2001-2015 / </subfield>
    <subfield code="b">Luis T. Reyes Henr&#xED;quez; pr&#xF3;logo de Ra&#xFA;l E. Hern&#xE1;ndez B&#xE1;ez</subfield>
  </datafield>
  <datafield tag="260" ind1=" " ind2=" ">
    <subfield code="a">Santo Domingo :</subfield>
    <subfield code="b">Cipriano, SRL,</subfield>
    <subfield code="c">2019</subfield>
  </datafield>
  <datafield tag="300" ind1=" " ind2=" ">
    <subfield code="a">269 p. :</subfield>
    <subfield code="b">il., gr&#xE1;f. ;</subfield>
    <subfield code="c">23 cm.</subfield>
  </datafield>
  <datafield tag="500" ind1=" " ind2=" ">
    <subfield code="a">Incluye biograf&#xED;a del autor en las solapas.</subfield>
  </datafield>
  <datafield tag="500" ind1=" " ind2=" ">
    <subfield code="a">Incluye bibliograf&#xED;a y notas al pi&#xE9; de p&#xE1;ginas.</subfield>
  </datafield>
  <datafield tag="505" ind1="0" ind2=" ">
    <subfield code="a">Pr&#xF3;logo.</subfield>
    <subfield code="g">T&#xED;tulo 1.</subfield>
    <subfield code="t">Evasi&#xF3;n Contributiva.--</subfield>
    <subfield code="g">T&#xED;tulo 2.</subfield>
    <subfield code="t">La informalidad y el Sistema Dominicano de Seguro.--</subfield>
    <subfield code="g">T&#xED;tulo 3.</subfield>
    <subfield code="t">Determinantes a la cotizaci&#xF3;n del sistema de ahorro Previsional Dominicano: un enfoque econom&#xE9;trico (I).--</subfield>
    <subfield code="g">T&#xED;tulo 4.</subfield>
    <subfield code="t">Determinantes a la cotizaci&#xF3;n del sistema de salud dominicano: un enfoque econom&#xE9;trico (II).--</subfield>
    <subfield code="g">T&#xED;tulo 6.</subfield>
    <subfield code="t">Fondo Nacional de Atenci&#xF3;n M&#xE9;dica por Accidentes de Tr&#xE1;nsito: Contexto, An&#xE1;lisis y Equilibrio Financiero.--</subfield>
    <subfield code="g">T&#xED;tulo 7.</subfield>
    <subfield code="t">Bonos de Reconocimiento Perspectiva Fiscal del Sistema Previsional Dominicano.--</subfield>
    <subfield code="g">T&#xED;tulo 8.</subfield>
    <subfield code="t">Fondos de Pensiones Dominicanos: Revisi&#xF3;n Regulatoria de Intervenciones y Determinaci&#xF3;n de Frontera Eficiente de Portafolio.--</subfield>
    <subfield code="g">T&#xED;tulo 9</subfield>
    <subfield code="t">D&#xE9;ficit Operacional del Sistema de Reparto: Perspectiva Fiscal del sistema Previsional Dominicano (III).--</subfield>
    <subfield code="g">T&#xED;tulo 10.</subfield>
    <subfield code="t">Impacto de los cargos por Comisiones en los Fondos de Pensiones Dominicanos.--</subfield>
    <subfield code="g">T&#xED;tulo 11.</subfield>
    <subfield code="t">Pensi&#xF3;n m&#xED;nima Perspectiva Fiscal del Sistema Previsional Dominicano (III).--</subfield>
    <subfield code="g">T&#xED;tulo 12.</subfield>
    <subfield code="t">Impacto Macroecon&#xF3; de los Fondos de Pensiones.</subfield>
  </datafield>
  <datafield tag="590" ind1=" " ind2=" ">
    <subfield code="a">Inventariado 2021 / MF</subfield>
  </datafield>
  <datafield tag="700" ind1="1" ind2=" ">
    <subfield code="9">75167</subfield>
    <subfield code="a">Hern&#xE1;ndez B&#xE1;ez, Ra&#xFA;l E.,</subfield>
    <subfield code="e">pr&#xF3;l.</subfield>
  </datafield>
  <datafield tag="942" ind1=" " ind2=" ">
    <subfield code="2">ddc</subfield>
    <subfield code="c">LBS1</subfield>
  </datafield>
  <datafield tag="952" ind1=" " ind2=" ">
    <subfield code="0">0</subfield>
    <subfield code="1">0</subfield>
    <subfield code="2">ddc</subfield>
    <subfield code="5">1</subfield>
    <subfield code="7">0</subfield>
    <subfield code="8">PD</subfield>
    <subfield code="a">BNPHU</subfield>
    <subfield code="b">PD</subfield>
    <subfield code="c">HD</subfield>
    <subfield code="d">2019-02-15</subfield>
    <subfield code="e">Dep&#xF3;sito legal / Luis T. Reyes</subfield>
    <subfield code="l">0</subfield>
    <subfield code="o">R457e</subfield>
    <subfield code="p">2021-27213</subfield>
    <subfield code="r">2021-10-05</subfield>
    <subfield code="w">2021-10-05</subfield>
    <subfield code="y">LFPD</subfield>
    <subfield code="z">Ejemplar autografiado</subfield>
  </datafield>
  <datafield tag="952" ind1=" " ind2=" ">
    <subfield code="0">0</subfield>
    <subfield code="1">0</subfield>
    <subfield code="2">ddc</subfield>
    <subfield code="5">1</subfield>
    <subfield code="7">0</subfield>
    <subfield code="8">PD</subfield>
    <subfield code="a">BNPHU</subfield>
    <subfield code="b">DO</subfield>
    <subfield code="c">HD</subfield>
    <subfield code="d">2019-02-15</subfield>
    <subfield code="e">Dep&#xF3;sito legal / Luis T. Reyes</subfield>
    <subfield code="l">0</subfield>
    <subfield code="o">R457e</subfield>
    <subfield code="p">2021-27214</subfield>
    <subfield code="r">2021-10-05</subfield>
    <subfield code="t">e.2</subfield>
    <subfield code="w">2021-10-05</subfield>
    <subfield code="y">LFPD</subfield>
    <subfield code="z">Ejemplar autografiado</subfield>
  </datafield>
  <datafield tag="952" ind1=" " ind2=" ">
    <subfield code="0">0</subfield>
    <subfield code="1">0</subfield>
    <subfield code="2">ddc</subfield>
    <subfield code="5">6</subfield>
    <subfield code="7">0</subfield>
    <subfield code="8">DS</subfield>
    <subfield code="a">BNPHU</subfield>
    <subfield code="b">DO</subfield>
    <subfield code="c">HD</subfield>
    <subfield code="d">2019-02-15</subfield>
    <subfield code="e">Dep&#xF3;sito legal / Luis T. Reyes</subfield>
    <subfield code="l">0</subfield>
    <subfield code="o">R457e</subfield>
    <subfield code="p">2021-27215</subfield>
    <subfield code="r">2021-10-05</subfield>
    <subfield code="t">e.3</subfield>
    <subfield code="w">2021-10-05</subfield>
    <subfield code="y">LFDS</subfield>
    <subfield code="z">Ejemplar autografiado</subfield>
  </datafield>
  <datafield tag="999" ind1=" " ind2=" ">
    <subfield code="c">50706</subfield>
    <subfield code="d">50706</subfield>
  </datafield>
</record>
